000
00498nam a2200181Ia 4500
008
090124s9999 xx 000 0 und d
082
_b
20861
100
_a
आचार्य नयना
245
_a
रानझरी
250
_a
0
260
_b
मीनल प्रकाशन
_c
1979
300
_a
144
600
_a
आचार्य नयना
630
_a
रानझरी
700
_a
आचार्य नयना
730
_a
रानझरी
942
_c
BOOK
999
_c
90998
_d
90998